书目信息 |
| 题名: |
一带一路战略构想及其实践研究
|
|
| 作者: | 胡键 著 | |
| 分册: | ||
| 出版信息: | 北京 时事出版社 2016 |
|
| 页数: | 217页 | |
| 开本: | 24cm | |
| 丛书名: | ||
| 单 册: | ||
| 中图分类: | F125.5 | |
| 科图分类: | ||
| 主题词: | 区域经济合作--qu yu jing ji he zuo--国际合作--研究--中国 | |
| 电子资源: | ||
| ISBN: | 978-7-80232-905-8 | |
| 000 | 01383nam0 22002771 450 | |
| 001 | 1752538766 | |
| 005 | 20170602161235.0 | |
| 010 | @a978-7-80232-905-8@dCNY68.00 | |
| 100 | @a20151218d2016 em y0chiy50 ea | |
| 101 | 0 | @achi |
| 102 | @aCN@b110000 | |
| 105 | @ay a 000yy | |
| 106 | @ar | |
| 200 | 1 | @a一带一路战略构想及其实践研究@Ayi dai yi lu zhan lue gou xiang ji qi shi jian yan jiu@dThe grand strategic idea and its practice of the silk road economic belt and the 21st-century maritime silk road@f胡键著@zeng |
| 210 | @a北京@c时事出版社@d2016 | |
| 215 | @a217页@d24cm | |
| 300 | @a“一带一路”战略构想热点问题研究 | |
| 314 | @a胡键, 湖南道州人, 上海社会科学院研究员、博士生导师。 | |
| 320 | @a有书目 (第208-215页) | |
| 330 | @a“一带一路”战略构想就是中国国际责任变化的具体表现, 即中国不仅要继续加快内部的发展, 同时也要同中国周边国家, 乃至全世界各国共同发展, 与世界各国建立一个全球的责任共同体、利益共同体和命运共同体。本书以“一带一路”战略构想提出的背景及主要内容为出发点, 深入探讨了这一当代最重要的问题, 极具现实和理论意义。 | |
| 510 | 1 | @aGrand strategic idea and its practice of the silk road economic belt and the 21st-century maritime silk road@zeng |
| 606 | 0 | @a区域经济合作@Aqu yu jing ji he zuo@x国际合作@x研究@y中国 |
| 690 | @aF125.5@v5 | |
| 701 | 0 | @a胡键@Ahu jian@4著 |
| 801 | 0 | @aCN@bTANG WEI@c20170527 |
| 905 | @b0971138-42@dF125.5@e297@f5 | |
| 一带一路战略构想及其实践研究=The grand strategic idea and its practice of the silk road economic belt and the 21st-century maritime silk road/胡键著.-北京:时事出版社,2016 |
| 217页;24cm |
| “一带一路”战略构想热点问题研究 |
| ISBN 978-7-80232-905-8:CNY68.00 |
| “一带一路”战略构想就是中国国际责任变化的具体表现, 即中国不仅要继续加快内部的发展, 同时也要同中国周边国家, 乃至全世界各国共同发展, 与世界各国建立一个全球的责任共同体、利益共同体和命运共同体。本书以“一带一路”战略构想提出的背景及主要内容为出发点, 深入探讨了这一当代最重要的问题, 极具现实和理论意义。 |
| ● |
| 相关链接 |
|
|
|
|
正题名:一带一路战略构想及其实践研究
索取号:F125.5/297
 
预约/预借
| 序号 | 登录号 | 条形码 | 馆藏地/架位号 | 状态 | 备注 |
| 1 | 0971138 | 209711383 | 第一样本阅览室/ [索取号:F125.5/297] | 在馆 | |
| 2 | 0971139 | 209711392 | 第一借阅区/ [索取号:F125.5/297] | 在馆 | |
| 3 | 0971140 | 209711409 | 第一借阅区/ [索取号:F125.5/297] | 在馆 | |
| 4 | 0971141 | 209711418 | 第一借阅区/ [索取号:F125.5/297] | 在馆 | |
| 5 | 0971142 | 209711427 | 密集书库-海洋学院/ [索取号:F125.5/297] | 在馆 |